The Economic costs of conserving genetic resources at the CGIAR centres (Record no. 70588)

MARC details
000 -LEADER
fixed length control field 01826nam a2200205Ia 4500
100 ## - MAIN ENTRY--AUTHOR NAME
Personal name Koo B
245 #4 - TITLE STATEMENT
Title The Economic costs of conserving genetic resources at the CGIAR centres
260 ## - PUBLICATION, DISTRIBUTION, ETC. (IMPRINT)
Name of publisher Agricultural Economics
Year of publication 2003
300 ## - PHYSICAL DESCRIPTION
Number of Pages 287-297
520 ## - SUMMARY, ETC.
Summary, etc The 11 genebanks of the Consultative Group on International Agriculture (CGIAR) have grown considerably in size over the past few decades, currently holding about 666,000 accessions of germplasm. Conserving germplasm is a very long run, if not in perpetuity, proposition. The mismatch between the mainly annual funding support for this conservation effort and its very long-term nature and intent is a serious concern. Using the results of five CGIAR genebank case studies (accounting for 87;of the total CGIAR genebank holdings), we estimate the size of an endowment or trust fund that would be required to assure a funding stream to conserve this genetic material for future generations. The annual cost ( in year 2000 US$) of conserving and distributing the genetic material presently held in all 11 CGIAR genebanks is estimated to be 5.7 million US$ (mUS$), which could be maintained for all future generations by setting aside a fund of 149 mUS$ (invested at a real rate of interest of 4;per annum). This would be sufficient to underwrite the costs for the CGIRAs current conservation activities in perpetuity (estimated to be 61 mUS$), as well as the cost of maintaining the distribution activities (88 mUS$) that provide germplasm to breeders, scientists, farmers and others world wide.
650 ## - SUBJECT ADDED ENTRY--TOPICAL TERM
Topical Term CGIAR
650 ## - SUBJECT ADDED ENTRY--TOPICAL TERM
Topical Term Conservation cost
650 ## - SUBJECT ADDED ENTRY--TOPICAL TERM
Topical Term Ex situ conservation
650 ## - SUBJECT ADDED ENTRY--TOPICAL TERM
Topical Term Genebank management
650 ## - SUBJECT ADDED ENTRY--TOPICAL TERM
Topical Term Trust fund
700 ## - ADDED ENTRY--PERSONAL NAME
Personal name Pardey P G
700 ## - ADDED ENTRY--PERSONAL NAME
Personal name Wright B D
942 ## - ADDED ENTRY ELEMENTS (KOHA)
Koha item type Journals
Holdings
Withdrawn status Lost status Damaged status Not for loan Home library Current library Shelving location Date acquired Serial Enumeration / chronology Koha item type
      Journals RRII Library RRII Library Agricultural economics 17/12/2021 Volume 29, Issue 3 Journals